000 00634nam a2200229Ia 4500
003 OSt
005 20221007081129.0
006 a|||||r|||| 00| 0
007 ta
008 221006b |||||||| |||| 00| 0 eng d
024 _a25,955
037 _cTextual
040 _aFLL
_cFLL
_beng
041 _2eng
_aeng
082 _aZ73:2:1, J6
100 _aNussbaum Louis M.
_9696491
245 0 _aLaw for the homeowner broker, and real estate operator
260 _aNew York
_bOceana Publications New
_c1956
300 _a1-96p
_ccm.
942 _hZ73:2:1, J6
_cTEXL
_2CC
999 _c1162137
_d1162137